000 00498nam a22001937a 4500
003 MPLRDC
005 20220104123403.0
008 210129b ||||| |||| 00| 0 eng d
020 _a957-809-066-8
082 _a889 CXXS v.37
100 _aBARBARA CARTLAND
245 _a神秘佳人
_c邵言译
250 _a初版
260 _a
_b禾扬出版社版有限公司
_c1996
300 _b
490 _a畅销小说. 37
650 _a西洋小说之中文翻译
942 _cBK
_o889 CXXS v.37
999 _c11015
_d11005